MARC details
| 000 -LEADER |
| fixed length control field |
02441cam a2200481 a 4500 |
| 001 - CONTROL NUMBER |
| control field |
sjdsz9mscp b3420754 |
| 003 - CONTROL NUMBER IDENTIFIER |
| control field |
sjds |
| 005 - DATE AND TIME OF LATEST TRANSACTION |
| control field |
20190325195623.0 |
| 008 - FIXED-LENGTH DATA ELEMENTS--GENERAL INFORMATION |
| fixed length control field |
970326r19971986nyu b 000 0 spa d |
| 020 ## - INTERNATIONAL STANDARD BOOK NUMBER |
| International Standard Book Number |
0140258620 (pbk.) |
| 020 ## - INTERNATIONAL STANDARD BOOK NUMBER |
| International Standard Book Number |
9780140258622 (pbk.) |
| 035 ## - SYSTEM CONTROL NUMBER |
| System control number |
(OCoLC)36631672 |
| 040 ## - CATALOGING SOURCE |
| Original cataloging agency |
UOK |
| Language of cataloging |
eng |
| Transcribing agency |
UOK |
| Modifying agency |
BAKER |
| -- |
YDXCP |
| -- |
OCLCQ |
| -- |
OCLCG |
| -- |
CoLwJCPL |
| 041 1# - LANGUAGE CODE |
| Language code of text/sound track or separate title |
spa |
| Language code of original |
eng |
| 050 14 - LIBRARY OF CONGRESS CALL NUMBER |
| Classification number |
BX2170.C56 |
| Item number |
J62618 1997 |
| 082 04 - DEWEY DECIMAL CLASSIFICATION NUMBER |
| Classification number |
242/.3 |
| Edition number |
21 |
| 092 0# - LOCALLY ASSIGNED DEWEY CALL NUMBER (OCLC) |
| Filing suffix |
ESPANOL |
| Classification number |
242.3 |
| Item number |
JOHN:PAUL |
| 100 0# - MAIN ENTRY--PERSONAL NAME |
| Personal name |
John Paul |
| Numeration |
II, |
| Titles and words associated with a name |
Pope, |
| Dates associated with a name |
1920-2005. |
| Authority record control number |
http://id.loc.gov/authorities/names/n78078345. |
| 240 10 - UNIFORM TITLE |
| Uniform title |
<a href="Prayers and devotions from Pope John Paul II.">Prayers and devotions from Pope John Paul II.</a> |
| Language of a work |
Spanish. |
| 245 10 - TITLE STATEMENT |
| Title |
Conmigo dia tras dia : |
| Remainder of title |
momentos para la reflexion / |
| Statement of responsibility, etc. |
Juan Pablo II ; edicion e introduccion a cargo del Obispo Peter Canisius Johannes van Lierde ; traducido por Antonio Aramayona Alonso. |
| 260 ## - PUBLICATION, DISTRIBUTION, ETC. (IMPRINT) |
| Place of publication, distribution, etc. |
New York : |
| Name of publisher, distributor, etc. |
Penguin Books, |
| Date of publication, distribution, etc. |
c1997, c1986. |
| 264 #1 - PRODUCTION, PUBLICATION, DISTRIBUTION, MANUFACTURE, AND COPYRIGHT NOTICE |
| Place of production, publication, distribution, manufacture |
New York : |
| Name of producer, publisher, distributor, manufacturer |
Penguin Books, |
| Date of production, publication, distribution, manufacture, or copyright notice |
c1997, c1986. |
| 300 ## - PHYSICAL DESCRIPTION |
| Extent |
490 pages ; |
| Dimensions |
20 cm. |
| 336 ## - CONTENT TYPE |
| Content type term |
text |
| Content type code |
txt |
| Source |
rdacontent. |
| 337 ## - MEDIA TYPE |
| Media type term |
unmediated |
| Media type code |
n |
| Source |
rdamedia. |
| 338 ## - CARRIER TYPE |
| Carrier type term |
volume |
| Carrier type code |
nc |
| Source |
rdacarrier. |
| 490 1# - SERIES STATEMENT |
| Series statement |
Penguin ediciones. |
| 500 ## - GENERAL NOTE |
| General note |
"Publicado por primera vez en Espana por Promocion Popular Cristiana, 1986"--T.p. verso. |
| 504 ## - BIBLIOGRAPHY, ETC. NOTE |
| Bibliography, etc |
Includes bibliographical references. |
| 610 20 - SUBJECT ADDED ENTRY--CORPORATE NAME |
| Corporate name or jurisdiction name as entry element |
Catholic Church |
| Form subdivision |
Prayers and devotions. |
| Authority record control number |
http://id.loc.gov/authorities/subjects/sh85021160. |
| 610 20 - SUBJECT ADDED ENTRY--CORPORATE NAME |
| Corporate name or jurisdiction name as entry element |
Catholic Church |
| Authority record control number |
http://id.loc.gov/authorities/subjects/sh85021043 |
| General subdivision |
Spiritual life. |
| Authority record control number |
http://id.loc.gov/authorities/subjects/sh2001008913. |
| 650 #0 - SUBJECT ADDED ENTRY--TOPICAL TERM |
| Topical term or geographic name as entry element |
Devotional calendars |
| General subdivision |
Catholic Church. |
| Authority record control number |
http://id.loc.gov/authorities/subjects/sh2008102232. |
| 650 #0 - SUBJECT ADDED ENTRY--TOPICAL TERM |
| Topical term or geographic name as entry element |
Families |
| Form subdivision |
Prayers and devotions. |
| Authority record control number |
http://id.loc.gov/authorities/subjects/sh85047017. |
| 650 #0 - SUBJECT ADDED ENTRY--TOPICAL TERM |
| Topical term or geographic name as entry element |
Families |
| General subdivision |
Biblical teaching. |
| Authority record control number |
http://id.loc.gov/authorities/subjects/sh85047010. |
| 655 #0 - INDEX TERM--GENRE/FORM |
| Genre/form data or focus term |
Spanish language materials. |
| 655 #7 - INDEX TERM--GENRE/FORM |
| Genre/form data or focus term |
Materiales en espanol. |
| Source of term |
local. |
| 655 #7 - INDEX TERM--GENRE/FORM |
| Genre/form data or focus term |
Devotional literature. |
| Source of term |
lcgft |
| Authority record control number |
http://id.loc.gov/authorities/genreForms/gf2015026057. |
| 655 #7 - INDEX TERM--GENRE/FORM |
| Genre/form data or focus term |
Prayers. |
| Source of term |
lcgft |
| Authority record control number |
http://id.loc.gov/authorities/genreForms/gf2015026049. |
| 700 1# - ADDED ENTRY--PERSONAL NAME |
| Personal name |
Lierde, Peter Canisius Johannes van. |
| Authority record control number |
http://id.loc.gov/authorities/names/n84081114. |
| 700 1# - ADDED ENTRY--PERSONAL NAME |
| Personal name |
Aramayona Alonso, Antonio, |
| Relator term |
translator. |
| 830 #0 - SERIES ADDED ENTRY--UNIFORM TITLE |
| Uniform title |
Penguin ediciones. |
| Authority record control number |
http://id.loc.gov/authorities/names/n96108612. |
| 942 ## - ADDED ENTRY ELEMENTS (KOHA) |
| Koha item type |
Libro/Book |